Fallos en los edificios (Registro nro. 21361)

Detalles MARC
000 -LEADER
campo de control de longitud fija 00814nam a2200217 4500
001 - NÚMERO DE CONTROL
campo de control 21361
003 - IDENTIFICADOR DE NÚMERO DE CONTROL
campo de control ES-MaACL
005 - FECHA Y HORA DE LA ÚLTIMA TRANSACCIÓN
campo de control 20230906152451.0
007 - CAMPO FIJO DE DESCRIPCIÓN FÍSICA--INFORMACIÓN GENERAL
campo de control de longitud fija t|
008 - DATOS DE LONGITUD FIJA--INFORMACIÓN GENERAL
campo de control de longitud fija 021125s1982 sp a |||| | spa d
080 ## - NÚMERO DE LA CLASIFICACIÓN DECIMAL UNIVERSAL
Número de la Clasificación Decimal Universal 69.059
100 1# - ENTRADA PRINCIPAL--NOMBRE DE PERSONA
Nombre de persona Addleson, Lyall.
9 (RLIN) 18424
245 10 - MENCIÓN DEL TÍTULO
Título Fallos en los edificios
Resto del título : manual de patología de la construcción /
Mención de responsabilidad, etc. Lyall Addleson ; [versión, Rafael Fontes].
260 ## - PUBLICACIÓN, DISTRIBUCIÓN, ETC.
Lugar de publicación, distribución, etc. [Madrid] :
Nombre del editor, distribuidor, etc. Consejo General de Colegios Oficiales de Aparejadores y Arquitectos Técnicos de España,
Fecha de publicación, distribución, etc. [1982]
300 ## - DESCRIPCIÓN FÍSICA
Extensión 109 p. :
Otras características físicas il. ;
Dimensiones 31 cm.
500 ## - NOTA GENERAL
Nota general Índice.
650 04 - PUNTO DE ACCESO ADICIONAL DE MATERIA--TÉRMINO DE MATERIA
Término de materia o nombre geográfico como elemento de entrada Construcción-
Subdivisión general Fallos.
9 (RLIN) 144228
700 1# - ENTRADA AGREGADA--NOMBRE PERSONAL
Nombre de persona Fontes, Rafael.
9 (RLIN) 51644
710 2# - ENTRADA AGREGADA--NOMBRE DE ENTIDAD CORPORATIVA
Nombre de entidad corporativa o nombre de jurisdicción como elemento de entrada Consejo General de Colegios Oficiales de Aparejadores y Arquitectos Técnicos (España)
9 (RLIN) 144227
852 ## - LOCALIZACIÓN
Ubicación ES-MaACL
Número de control de estantería L-3041
Existencias
Estatus retirado Estado de pérdida Estado de daño No para préstamo Biblioteca de origen Biblioteca actual Ubicación en estantería Fecha de adquisición Fuente de adquisición Total de préstamos Signatura topográfica completa Código de barras Visto por última vez Precio de reemplazo Tipo de ítem Koha
        Biblioteca del Ateneo de Madrid Biblioteca del Ateneo de Madrid Depósito 2 17/01/2008     L-3041 1021947 23/02/2023 23/02/2023 Libro impreso